000 00951cab a22002055a 4500
001 L145599
008 081024s2008 xxko f 000 0 eng d
035 _a(Sirsi) u145599
041 0 _aeng
100 1 _aMantle, Simon
245 0 0 _aManaging waste effectively
260 _c2008
490 _aHousebuilder
_v67 (9) October 2008, 45-46 (2)
520 _aDevelops the issues raised by Site Waste Management Plan (SWMP). This legal requirement is applicable since April 2008 for all construction and demolition projects of more than £300,000. Details the different steps of a SWMP, the information to be included in it, and its benefits. Reports that the National House-Building Council offers advice, support and training for those involved in a project.
590 _aKA
650 2 4 _aSITE WASTE MANAGEMENT PLANS REGULATIONS 2008
651 4 _aUnited Kingdom
_y
690 _aENVIRONMENTAL AND LAND CONSULTANCY-WASTE MANAGEMENT
942 _n0
999 _c80890
_d80890